The study of chinese new year tree (Ochna interre gima) used and the rehabilitation plan of this kind of tree species in kampong speu province, ការសិក្សាការប្រើប្រាស់ប្រភេទឈើអង្គាសីល និងគោលការណ៍ស្ដារនូវប្រភេទនេះ នៅក្នុងខេត្តកំពង់ស្ពឺ (Record no. 6534)

000 -LEADER
fixed length control field 00797nam a22001577a 4500
003 - CONTROL NUMBER IDENTIFIER
control field OSt
005 - DATE AND TIME OF LATEST TRANSACTION
control field 20160206151215.0
008 - FIXED-LENGTH DATA ELEMENTS--GENERAL INFORMATION
fixed length control field 160206b xxu||||| |||| 00| 0 eng d
040 ## - CATALOGING SOURCE
Transcribing agency RUA
082 ## - DEWEY DECIMAL CLASSIFICATION NUMBER
Classification number MGR VON 2004 B375 Or.1
100 ## - MAIN ENTRY--PERSONAL NAME
9 (RLIN) 6945
Personal name VON MONIN; វន មុនិន្ទ
245 ## - TITLE STATEMENT
Title The study of chinese new year tree (Ochna interre gima) used and the rehabilitation plan of this kind of tree species in kampong speu province, ការសិក្សាការប្រើប្រាស់ប្រភេទឈើអង្គាសីល និងគោលការណ៍ស្ដារនូវប្រភេទនេះ នៅក្នុងខេត្តកំពង់ស្ពឺ
260 ## - PUBLICATION, DISTRIBUTION, ETC. (IMPRINT)
Place of publication, distribution, etc. Phnom Penh
Name of publisher, distributor, etc. RUA
Date of publication, distribution, etc. 2004
300 ## - PHYSICAL DESCRIPTION
Extent x ; 90p.
Other physical details ill.
Dimensions 29cm.
942 ## - ADDED ENTRY ELEMENTS (KOHA)
Source of classification or shelving scheme
Koha item type MGR
Holdings
Price effective from Date last seen Permanent Location Not for loan Date acquired Source of classification or shelving scheme Koha item type Barcode Lost status Damaged status Shelving location Withdrawn status Current Location Full call number
2016-02-062016-02-06Library Block B 2016-02-06 MGRRUA049795  B375 Library Block BMGR VON 2004 B375 Or.1
2016-02-062016-02-06Library Block B 2016-02-06 MGRRUA049538  B375 Library Block BMGR VON 2004 B375 Or.2
2016-02-062016-02-06Library Block B 2016-02-06 MGRRUA050724  B375 Library Block BMGR VON 2004 B375 Or.3
2016-02-062016-02-06Library Block B 2016-02-06 MGRRUA052050  B375 Library Block BMGR VON 2004 B375 Or.4
2016-02-062016-02-06Library Block B 2016-02-06 MGRRUA050586  B375 Library Block BMGR VON 2004 B375 Or.5
2016-02-062016-02-06Library Block B 2016-02-06 MGRRUA050677  B375 Library Block BMGR VON 2004 B375 Or.6
មជ្ឈមណ្ឌលឯការនៃសាកលវិទ្យាល័យភូមិន្ទកសិកម្មចំការដូង

Powered by Koha